| 000 | 00605nam a2200133Ia 4500 | ||
|---|---|---|---|
| 008 | 231129s2002||||xx |||||||||||||| ||spa|| | ||
| 020 | _a844-942.184-5 (obra | ||
| 040 | _bspa | ||
| 082 | _aR 610.73 N842 | ||
| 245 | 0 | _aNormas y cuidados del paciente: Guía de planificación de la práctica asistencial conjunta / Susan Martín Tucker ... /et al./; supervisión técnica de textos Antonia Almena Rojas y Ma. del Carmen Huber Alonso; colaboradores Barbara Boylan-Lewis ... /et al. | |
| 260 | _c2002 | ||
| 264 | _aEspaña(Barcelona); Harcourt/Océano | ||
| 942 |
_2ddc _cBKS |
||
| 999 |
_c21774 _d21774 |
||